|
|
|
|
| LEADER |
03405nam a2200433 a 4500 |
| 001 |
21731 |
| 003 |
BD-DhAAL |
| 008 |
110111s20052010caua 001 0 eng d |
| 999 |
|
|
|c 10328
|d 10328
|
| 010 |
|
|
|a 2005279292
|
| 020 |
|
|
|a 9788173666025
|
| 020 |
|
|
|a 0596009208 (pbk.)
|
| 040 |
|
|
|a DLC
|c DLC
|d DLC
|d BD-DhAAL
|
| 042 |
|
|
|a pcc
|
| 082 |
0 |
0 |
|a 005.133
|2 22
|
| 100 |
1 |
|
|a Sierra, Kathy.
|9 29859
|
| 245 |
1 |
0 |
|a Head first Java /
|c Kathy Sierra, Bert Bates.
|
| 250 |
|
|
|a second edition
|
| 260 |
|
|
|a Sebastopol, CA :
|b O'Reilly ;
|a New Delhi :
|b Shroff publishers & distributors,
|c 2005.[reprinted 2010]
|
| 300 |
|
|
|a xxxii, 688 p. :
|b ill. ;
|c 24 cm.
|
| 500 |
|
|
|a Includes index.
|
| 541 |
1 |
|
|e 00021731
|
| 650 |
|
0 |
|a Java (Computer program language)
|9 29860
|
| 650 |
|
0 |
|a Computer science.
|9 42441
|
| 700 |
1 |
|
|a Bates, Bert.
|9 29861
|
| 852 |
|
|
|a Ayesha Abed library
|c General Stacks
|
| 942 |
0 |
0 |
|2 ddc
|c BK
|
| 952 |
|
|
|0 0
|1 2
|2 ddc
|4 0
|6 005_133000000000000_SIE
|7 0
|9 13917
|a BRACUL
|b BRACUL
|c GEN
|d 2011-01-16
|e TRIM EDUCATION
|l 33
|m 199
|o 005.133 SIE
|p 3010021731
|q 2018-12-10
|r 2016-05-12
|s 2016-05-12
|t 1
|w 2011-01-16
|y BK
|
| 952 |
|
|
|0 0
|1 0
|2 ddc
|4 0
|6 005_133000000000000_SIE
|7 0
|9 13918
|a BRACUL
|b BRACUL
|c GEN
|d 2011-01-16
|e TRIM EDUCATION
|l 65
|m 370
|o 005.133 SIE
|p 3010021730
|r 2026-01-06
|s 2025-09-18
|t 2
|w 2011-01-16
|y BK
|
| 952 |
|
|
|0 0
|1 0
|2 ddc
|4 0
|6 005_133000000000000_SIE
|7 0
|9 13919
|a BRACUL
|b BRACUL
|c GEN
|d 2011-01-16
|e TRIM EDUCATION
|g 825.00
|l 44
|m 402
|o 005.133 SIE
|p 3010021729
|r 2026-05-20
|s 2025-04-13
|t 3
|w 2011-01-16
|y BK
|
| 952 |
|
|
|0 0
|1 0
|2 ddc
|4 0
|6 005_133000000000000_SIE
|7 0
|9 13981
|a BRACUL
|b BRACUL
|c GEN
|d 2011-01-18
|e TRIM EDUCATION
|l 56
|m 374
|o 005.133 SIE
|p 3010021820
|q 2026-05-17
|r 2025-10-06
|s 2025-10-06
|t 4
|w 2011-01-18
|y BK
|
| 952 |
|
|
|0 0
|1 0
|2 ddc
|4 0
|6 005_133000000000000_SIE
|7 0
|9 13982
|a BRACUL
|b BRACUL
|c GEN
|d 2011-01-18
|e TRIM EDUCATION
|l 54
|m 363
|o 005.133 SIE
|p 3010021819
|r 2025-11-05
|s 2025-03-03
|t 5
|w 2011-01-18
|y BK
|
| 952 |
|
|
|0 0
|1 4
|2 ddc
|4 1
|6 005_133000000000000_SIE
|7 0
|9 13983
|a BRACUL
|b BRACUL
|c GEN
|d 2011-01-18
|e TRIM EDUCATION
|g 825.00
|l 31
|m 151
|o 005.133 SIE
|p 3010021818
|r 2016-02-11
|s 2016-02-11
|t 6
|w 2011-01-18
|y BK
|x Koha Inventory 2020
|
| 952 |
|
|
|0 0
|1 0
|2 ddc
|4 0
|6 005_133000000000000_SIE
|7 0
|9 13984
|a BRACUL
|b BRACUL
|c GEN
|d 2011-01-18
|e TRIM EDUCATION
|l 62
|m 319
|o 005.133 SIE
|p 3010021817
|r 2026-01-21
|s 2025-10-21
|t 7
|w 2011-01-18
|y BK
|
| 952 |
|
|
|0 0
|1 0
|2 ddc
|4 0
|6 005_133000000000000_SIE
|7 0
|9 64980
|a BRACUL
|b BRACUL
|c GEN
|d 2019-01-30
|e Hye Trade International
|g 999.00
|l 24
|m 142
|o 005.133 SIE
|p 3010034249
|q 2026-06-02
|r 2026-02-02
|s 2026-02-02
|t 8
|v 999.00
|w 2019-01-30
|y BK
|
| 952 |
|
|
|0 0
|1 0
|2 ddc
|4 0
|6 005_133000000000000_SIE
|7 0
|9 64981
|a BRACUL
|b BRACUL
|c GEN
|d 2019-01-30
|e Hye Trade International
|g 999.00
|l 14
|m 166
|o 005.133 SIE
|p 3010034250
|q 2026-06-02
|r 2026-02-03
|s 2026-02-03
|t 9
|v 999.00
|w 2019-01-30
|y BK
|
| 952 |
|
|
|0 0
|1 0
|2 ddc
|4 0
|6 005_133000000000000_SIE
|7 0
|9 64982
|a BRACUL
|b BRACUL
|c GEN
|d 2019-01-30
|e Hye Trade International
|g 999.00
|l 20
|m 113
|o 005.133 SIE
|p 3010034251
|r 2026-05-17
|s 2026-05-04
|t 10
|v 999.00
|w 2019-01-30
|y BK
|
| 952 |
|
|
|0 0
|1 0
|2 ddc
|4 0
|6 005_133000000000000_SIE
|7 0
|9 64983
|a BRACUL
|b BRACUL
|c GEN
|d 2019-01-30
|e Hye Trade International
|g 999.00
|l 25
|m 115
|o 005.133 SIE
|p 3010034252
|q 2026-06-02
|r 2026-02-01
|s 2026-02-01
|t 11
|v 999.00
|w 2019-01-30
|y BK
|
| 952 |
|
|
|0 0
|1 0
|2 ddc
|4 0
|6 005_133000000000000_SIE
|7 0
|9 64984
|a BRACUL
|b BRACUL
|c GEN
|d 2019-01-30
|e Hye Trade International
|g 999.00
|l 15
|m 144
|o 005.133 SIE
|p 3010034253
|q 2026-05-21
|r 2025-12-14
|s 2025-12-14
|t 12
|v 999.00
|w 2019-01-30
|y BK
|